000 00714nam a2200241Ia 4500
003 OSt
005 20220923230637.0
006 a|||||r|||| 00| 0
007 ta
008 220922b |||||||| |||| 00| 0 hin d
024 _a286,870
037 _cTextual
040 _aARTS
_cARTS
_bhin
041 _2hin
_ahin
082 _aO152:gN15, K2
100 _aचौबे
245 0 _aडा नगेन्द्र के आलोचना सिद्धान्त
246 _aḌā nagendra ke ālochanā siddhānta
260 _c1962
650 _aहिन्दी साहित्य
_9156264
942 _hO152:gN15, K2
_cTEXL
_2CC
999 _c386222
_d386222